| Tag |
First Indicator |
Second Indicator |
Subfields |
| LEADER |
00000cam a2200000 i 4500 |
| 001 |
in00000041492 |
| 005 |
20151007074554.0 |
| 008 |
791116s1921 enk 00010 eng d |
| 010 |
|
|
|a l 22000052
|
| 035 |
|
|
|a (OCoLC)05702033
|
| 035 |
|
|
|9 AAF1741AM
|
| 040 |
|
|
|a KKU
|c KKU
|d TXA
|d UtOrBLW
|
| 049 |
|
|
|a TXAM
|c [51136]
|
| 090 |
|
|
|a HD1927 1921
|b .G74
|
| 092 |
|
|
|a 630.942
|b G795n
|
| 100 |
1 |
|
|a Green, F. E.
|q (Frederick Ernest),
|d 1867-1922.
|
| 245 |
1 |
2 |
|a A new agricultural policy /
|c by F. E. Green.
|
| 264 |
|
1 |
|a London :
|b L. Parsons,
|c 1921.
|
| 300 |
|
|
|a 169 pages 1 unnumbered page ;
|c 19 cm.
|
| 336 |
|
|
|a text
|b txt
|2 rdacontent
|
| 337 |
|
|
|a unmediated
|b n
|2 rdamedia
|
| 338 |
|
|
|a volume
|b nc
|2 rdacarrier
|
| 490 |
0 |
|
|a New era series ; v.9
|
| 650 |
|
0 |
|a Agriculture
|z Great Britain.
|
| 650 |
|
0 |
|a Agriculture
|x Economic aspects.
|
| 650 |
|
0 |
|a Land tenure
|z Great Britain.
|
| 999 |
|
|
|a MARS
|
| 999 |
f |
f |
|s 186bbf65-aa80-37b4-aa3b-2fe53e4e7d28
|i 9be847e9-0feb-3e98-a0e9-70d65fcb83a2
|t 0
|
| 952 |
f |
f |
|p ric
|a Texas A&M University
|b Rellis Campus
|c Joint Library Facility
|d Remote Storage
|t 0
|e HD1927 1921 .G74
|h Library of Congress classification
|i unmediated -- volume
|m A14801057528
|
| 998 |
f |
f |
|a HD1927 1921 .G74
|t 0
|l Remote Storage
|